VAT for property professionals. (Record no. 100078)

MARC details
000 -LEADER
fixed length control field 01021cam a2200217 4500
008 - FIXED-LENGTH DATA ELEMENTS--GENERAL INFORMATION
fixed length control field 000000n1999 000 0 eng u
020 ## - INTERNATIONAL STANDARD BOOK NUMBER
International Standard Book Number 1858112273
035 ## - SYSTEM CONTROL NUMBER
System control number (Sirsi) u102927
041 ## - LANGUAGE CODE
Language code of text/sound track or separate title eng
050 ## - LIBRARY OF CONGRESS CALL NUMBER
Classification number 336.271
100 ## - MAIN ENTRY--PERSONAL NAME
Personal name Hincks, Barry
245 ## - TITLE STATEMENT
Title VAT for property professionals.
260 ## - PUBLICATION, DISTRIBUTION, ETC.
Place of publication, distribution, etc. London
Name of publisher, distributor, etc. CLT Professional Publishing
Date of publication, distribution, etc. 1999
300 ## - PHYSICAL DESCRIPTION
Extent x,180p. ; 24cm.
350 ## - PRICE (NR) (BK AM CF MU VM SE) [OBSOLETE]
Price 48.00
520 ## - SUMMARY, ETC.
Summary, etc. The property professional - lawyer, surveyor or developer - must now consider the VAT implications of each action taken very carefully. This new book provides an extremely clear, well-structured reference work that will prove suitable for all levels of experience. It is a clear and concise work striking a common sense balance between the legislation and the practical effect of VAT and property. In addition, it is supported by the Mentor Helpline which can be accessed by the reader if necessary.
650 ## - SUBJECT ADDED ENTRY--TOPICAL TERM
Topical term or geographic name entry element VALUE ADDED TAX
690 ## - LOCAL SUBJECT ADDED ENTRY--TOPICAL TERM (OCLC, RLIN)
Topical term or geographic name as entry element TAXATION
700 ## - ADDED ENTRY--PERSONAL NAME
Personal name Gould, Ron
942 ## - ADDED ENTRY ELEMENTS (KOHA)
Suppress in OPAC 0
Holdings
Withdrawn status Lost status Source of classification or shelving scheme Damaged status Not for loan Home library Current library Shelving location Date acquired Total Checkouts Full call number Barcode Date last seen Date last checked out Copy number Price effective from Koha item type
    Dewey Decimal Classification     London London Books 30/11/1999 23 336.271 HIN 30060269 06/08/2019 25/09/2008 1 06/08/2019 Book